Expertní systém pro diagnostiku a hodnocení hospodářských jednotek.

Expertné systémy pre posudzovanie bonity žiadateľov o úver. Príkladom je EVALEX, expertný systém pre diagnostiku a hodnotenie hospodárskych jednotiek, ktorý je vytvorený v Inštitúte riadenia. Jeho cieľom je automatizované spracovanie komentára hodnotiaceho vývoj hospodárenia diagnostikovanej jednotk...

Descripción completa

Guardado en:
Detalles Bibliográficos
Autor principal: Fotr, Jiří
Formato: Capítulo de libro
Lenguaje:checo
Materias:
Etiquetas: Agregar Etiqueta
Sin Etiquetas, Sea el primero en etiquetar este registro!

MARC

LEADER 00000naa a2200000 4500
001 r003791
005 20221125080501.4
041 0 |a cze 
044 |a [CS] 
245 1 0 |a Expertní systém pro diagnostiku a hodnocení hospodářských jednotek.  |c Jiří Fotr 
520 |a Expertné systémy pre posudzovanie bonity žiadateľov o úver. Príkladom je EVALEX, expertný systém pre diagnostiku a hodnotenie hospodárskych jednotiek, ktorý je vytvorený v Inštitúte riadenia. Jeho cieľom je automatizované spracovanie komentára hodnotiaceho vývoj hospodárenia diagnostikovanej jednotky. Vytvorenie bázy znalostí expertného systému. 
610 2 0 |a systémy expertné 
610 2 0 |a diagnostikácia 
610 2 0 |a jednotka hospodárska 
610 2 0 |a úver 
610 2 0 |a EVALEX 
610 2 0 |a báza znalostí 
100 1 |a Fotr, Jiří